Changing commonwealth: proceeding of the fourth unofficial commonwealth relations conference held at Bigwin Inn, Ontario, Canada, september 8-18, 1949 (Record no. 424572)

000 -LEADER
fixed length control field 00562cam a22001337a 4500
008 - FIXED-LENGTH DATA ELEMENTS--GENERAL INFORMATION
fixed length control field 180718b1950 xxu||||| |||| 00| 0 eng d
082 ## - DEWEY DECIMAL CLASSIFICATION NUMBER
Classification number DO96 C737
245 ## - TITLE STATEMENT
Title Changing commonwealth: proceeding of the fourth unofficial commonwealth relations conference held at Bigwin Inn, Ontario, Canada, september 8-18, 1949
Statement of responsibility, etc. edited by F.H. Soward
260 ## - PUBLICATION, DISTRIBUTION, ETC.
Place of publication, distribution, etc. Toronto
Name of publisher, distributor, etc. Oxford University
Date of publication, distribution, etc. 1950
300 ## - PHYSICAL DESCRIPTION
Extent xiv, 268p
500 ## - GENERAL NOTE
General note Issued under the auspices of the Canadian Institute of International Affairs
650 ## - SUBJECT ADDED ENTRY--TOPICAL TERM
Topical term or geographic name entry element Commonwealth of Nations
700 ## - ADDED ENTRY--PERSONAL NAME
Personal name Soward, F.H.
Holdings
Withdrawn status Lost status Damaged status Not for loan Permanent Location Current Location Date acquired Full call number Barcode Date last seen Price effective from Koha item type
        Indian Institute of Public Administration Indian Institute of Public Administration 2009-09-23 DO96 C737 623 2018-07-21 2018-07-21 Book

Powered by Koha